| 000 | 00359nam a2200133Ia 4500 | ||
|---|---|---|---|
| 008 | 220204s9999 xx 000 0 und d | ||
| 082 |
_a633.73:62 _bBRA |
||
| 100 | _aBRAHAM, J E | ||
| 245 | 0 | _aCoffee pulp: Composition technology and utilization | |
| 260 |
_aCanada _bInst of Nutrition |
||
| 650 | _aCoffee processing | ||
| 700 | _aBRESSANI, R | ||
| 942 | _cBK | ||
| 999 |
_c36380 _d36380 |
||